000
00272nam a22001217a 4500
041
_a
ENG
100
_a
Gupta .M.K
245
_a
Nabhi's Practical Handbook On Building Construction
260
_a
Delhi
_b
A Mabhi Publi
_c
2000
300
_a
888
650
_a
48
856
_u
48
999
_c
3111
_d
3111